000 01629nam0a2200313 4500
001 RU\NLR\bibl\1418027
005 20260407084516.0
010 _a978-5-85921-733-5
_9300
021 _aRU
_b2009-59484
_93673
035 _a(NLR Aleph) 001409981
090 _a1276259
_c1276259
100 _a20090930d2009 |||y0rusy50 ca
101 0 _arus
102 _aRU
105 _ay |||||||||
200 1 _a"Верить, любить беззаветно..."
_eюбилейный сборник к 85-летию Екатерины Ивановны Соловьевой
_fФедер. агентство по образованию, ГОУ ВПО "Новосиб. гос. пед. ун-т"
_g[редкол.: д.ист.н., проф. К.Б. Умбрашко (отв. ред.) и др.]
210 _aНовосибирск
_cПедуниверситет
_d2009
215 _a117 с.
_d21
600 1 _aСоловьева
_bЕ. И.
_f1924 - 2017
_gЕкатерина Ивановна
_jСборники
_92413198
_3RU\NLR\auth\661437660
686 _aЧ489.24(2)7-8Соловьева.я43
686 _aТ1(2)74-8я43
702 1 _aУмбрашко
_bК. Б.
_gКонстантин Борисович
_4340
702 1 _4570
_8rus
_7ca
_aСоловьева
_bЕ. И.
_cд-р ист. наук
_f1924-2017
_gЕкатерина Ивановна
_3RU\NLR\auth\77125972
_9108896
712 0 2 _4570
_aНовосибирский государственный педагогический университет
_3RU\NLR\AUTH\8812496
_9297761
801 0 _aRU
_bNLR
_c20090930
_gRCR
801 1 _aRU
_bNLR
_c20090930
942 _cBOOK
980 _aNB